00436 2200181 4500001002100000008004100021035002000062245003200082250001000114260003200124300001700156020001800173084001700191082001100208650001000219990001300229990001200242INLIS000000000000019 Ind  a0010-0921000019 aInestablecEko Ivano Winata aCet.2 aBandungbPastel Booksc2018 a324c20,5 cm a9786026716255 a808.83 EKO i a808.83 aFiksi aDI. 2146 aDI 2146